Countries Containing L - One Minute Sprint - Statistics

General Stats
  • This quiz has been taken 224 times
    223 since last reset
  • The average score is 19 of 67
Answer Stats
country % Correct
Libya
65%
Lithuania
65%
Latvia
63%
Liberia
60%
Laos
56%
Brazil
55%
Luxembourg
55%
Liechtenstein
53%
Ireland
52%
Iceland
49%
Algeria
48%
Chile
45%
Australia
44%
Finland
42%
Lesotho
41%
Lebanon
38%
Albania
37%
Poland
37%
Portugal
34%
Colombia
32%
Mali
32%
Bolivia
31%
El Salvador
30%
Slovakia
30%
Belgium
29%
Netherlands
29%
Slovenia
29%
Thailand
29%
Angola
27%
Guatemala
27%
Italy
27%
Malaysia
27%
New Zealand
27%
Belize
26%
Malawi
26%
Switzerland
26%
Belarus
25%
Venezuela
24%
Swaziland
21%
Bulgaria
20%
Philippines
20%
Somalia
20%
Dem Rep Congo
19%
Republic of the Congo
19%
Solomon Islands
19%
Israel
18%
Mongolia
18%
Palau
18%
Marshall Islands
16%
Dominican Republic
15%
Malta
15%
Sierra Leone
15%
St Lucia
15%
Maldives
14%
Senegal
14%
Tuvalu
14%
Bangladesh
13%
Central African Republic
13%
Nepal
13%
Sri Lanka
12%
Moldova
9%
Palestine
6%
Cook Islands
5%
Greenland
5%
Seychelles
5%
Equatorial Guinea
4%
Faroe Islands
3%
No matching quizzes found
Score Distribution
Percent of People with Each Score
Percentile by Number Answered
Your Score History
You have not taken this quiz since the last reset